000 00317nam a22001337a 4500
008 260212b ||||| |||| 00| 0 eng d
020 _a9788861822894
041 _aital
080 _a0.2
100 _a20
101 _aital
245 _aUna Storia Italiana
_cCarlo Guastalla, Ciro Massimo Naddeo
942 _2lcc
_cBK
999 _c60788
_d60788